书目信息 |
| 题名: |
图书馆网络化基础
|
|
| 作者: | 蔡莉静 主编 | |
| 分册: | ||
| 出版信息: | 北京 海洋出版社 2013 |
|
| 页数: | 281页 | |
| 开本: | 23cm | |
| 丛书名: | ||
| 单 册: | ||
| 中图分类: | G250.72 | |
| 科图分类: | ||
| 主题词: | 图书馆工作--教材--业务培训--网络化 , 图书馆工作 , 网络化 , 图书馆工作--教材--业务培训--网络化 | |
| 电子资源: | ||
| ISBN: | 978-7-5027-8595-6 | |
| 000 | 01101nam0 2200289 450 | |
| 001 | 2954 | |
| 001 | 01XX09634088@CSLN | |
| 005 | 20161207085442.28 | |
| 005 | 20140412092956 | |
| 010 | @a978-7-5027-8595-6@dCNY38.00 | |
| 100 | @a20130926d2013 em y0chiy50 ea | |
| 101 | 0 | @achi |
| 102 | @aCN@b110000 | |
| 105 | @ay z 000yy | |
| 200 | 1 | @a图书馆网络化基础@9tu shu guan wang luo hua ji chu@f蔡莉静主编 |
| 210 | @a北京@c海洋出版社@d2013 | |
| 215 | @a281页@d23cm | |
| 300 | @a新媒体环境下图书馆业务培训教程 | |
| 330 | @a本书在对图书馆自动化进行简单论述的基础上,把计算机技术和网络技术在图书馆的应用作为重点研究对象,论述了现代图书馆的网络化基础和实施措施。针对新媒体环境下网络信息的安全现状,提出了图书馆信息安全技术的几种方法。同时对我国一些常用的图书馆集成管理系统作了介绍。 | |
| 606 | 0 | @a图书馆工作@j教材@x业务培训@x网络化 |
| 606 | 0 | @a图书馆工作 |
| 606 | 0 | @a网络化 |
| 606 | @a图书馆工作@j教材@x业务培训@x网络化 | |
| 690 | @aG250.72@v5 | |
| 701 | 0 | @a蔡莉静@9cai li jing@c(女,@f1963~)@4主编 |
| 801 | 0 | @aCN@b大连网信软件有限公司图书馆·11@c20161207 |
| 905 | @aZUCC@dG250.72@e145 | |
| 图书馆网络化基础/蔡莉静主编.-北京:海洋出版社,2013 |
| 281页;23cm |
| 新媒体环境下图书馆业务培训教程 |
| ISBN 978-7-5027-8595-6:CNY38.00 |
| 本书在对图书馆自动化进行简单论述的基础上,把计算机技术和网络技术在图书馆的应用作为重点研究对象,论述了现代图书馆的网络化基础和实施措施。针对新媒体环境下网络信息的安全现状,提出了图书馆信息安全技术的几种方法。同时对我国一些常用的图书馆集成管理系统作了介绍。 |
| ● |
| 相关链接 |
|
|
|
|
正题名:图书馆网络化基础
索取号:G250.72/145
 
预约/预借
| 序号 | 登录号 | 条形码 | 馆藏地/架位号 | 状态 | 备注 |
| 1 | 912263 | 209122634 | 第一样本阅览室/ [索取号:G250.72/145] | 在馆 | |
| 2 | 912264 | 209122643 | 第四借阅区/ [索取号:G250.72/145] | 在馆 | |
| 3 | 912265 | 209122652 | 第四借阅区/ [索取号:G250.72/145] | 在馆 | |
| 4 | 912266 | 209122661 | 第四借阅区/ [索取号:G250.72/145] | 在馆 |